III Encuentro paulino latino-americano. (Record n. 36787)

Dettagli MARC
000 -LEADER
fixed length control field 00646nam a2200193Ia 4500
003 - CONTROL NUMBER IDENTIFIER
control field IT-RoPAU
005 - DATE AND TIME OF LATEST TRANSACTION
control field 20220918175927.0
008 - FIXED-LENGTH DATA ELEMENTS--GENERAL INFORMATION
fixed length control field 120407s9999 xx 000 0 und d
040 ## - CATALOGING SOURCE
Original cataloging agency IT-RoPAU
Transcribing agency 20130410094803.0
040 ## - CATALOGING SOURCE
Transcribing agency IT-RoPAU
041 ## - LANGUAGE CODE
Language code of text/sound track or separate title ita
245 ## - TITLE STATEMENT
Title III Encuentro paulino latino-americano.
Remainder of title São Paulo (Brasil) Julio 1979.
250 ## - EDITION STATEMENT
Edition statement 1° ed
260 ## - PUBLICATION, DISTRIBUTION, ETC. (IMPRINT)
Place of publication, distribution, etc. Roma
Name of publisher, distributor, etc. Casa Generalizia SSP
Date of publication, distribution, etc. 1979
300 ## - PHYSICAL DESCRIPTION
Extent 79 p.
Dimensions 30 cm
490 ## - SERIES STATEMENT
Series statement EP
520 ## - SUMMARY, ETC.
Summary, etc. Indice<br/><br/>I Parte: Presentación<br/>II Parte: Presentación del encuentro<br/>III Parte: Realización del encuntro<br/>IV Parte: Conclusiones<br/>V Parte: Evaluación
942 ## - ADDED ENTRY ELEMENTS (KOHA)
Koha item type LIBRO
Source of classification or shelving scheme Dewey Decimal Classification
Dati di copia
Withdrawn status Lost status Source of classification or shelving scheme Damaged status Not for loan Home library Current library Date acquired Total Checkouts Full call number Date last seen Price effective from Koha item type
    Dewey Decimal Classification Buone Condizioni Not For Loan PAULUS-BIBLIOTECA PAULUS-BIBLIOTECA 10/04/2013   P C3 10/04/2013 10/04/2013 LIBRO
CREDITS: SOCIETA' SAN PAOLO Via A.Severo, 58 - ROMA (RM) & PERIODICI SAN PAOLO SRL Via Giotto, 36 MILANO & CISF Via Giotto, 36 MILANO & EDIZIONI SAN PAOLO SRL,  Piazza Soncino, 5 CINISELLO BALSAMO (MI) -- ITALY